Kế toán doanh nghiệp xuất nhập khẩu lý thuyết và thực hành

محفوظ في:
التفاصيل البيبلوغرافية
المؤلف الرئيسي: NGÔ THẾ CHI
التنسيق: كتاب
اللغة:Undetermined
منشور في: Thống kê
الوسوم: إضافة وسم
لا توجد وسوم, كن أول من يضع وسما على هذه التسجيلة!
Thư viện lưu trữ: Trung tâm Học liệu Trường Đại học Cần Thơ
LEADER 00439nam a2200133Ia 4500
001 CTU_50012
008 210402s9999 xx 000 0 und d
082 |a 657.42 
082 |b Ch300 
100 |a NGÔ THẾ CHI 
245 0 |a Kế toán doanh nghiệp xuất nhập khẩu lý thuyết và thực hành 
245 0 |c NGÔ THẾ CHI 
260 |b Thống kê 
980 |a Trung tâm Học liệu Trường Đại học Cần Thơ